| 000 | 00403nam a22001697a 4500 | ||
|---|---|---|---|
| 005 | 20250917115016.0 | ||
| 008 | 250917b |||||||| |||| 00| 0 eng d | ||
| 020 | _a978-93-90672-77-6 | ||
| 041 | _aeng | ||
| 100 |
_aKAUR, DR. KULDEEP _98691 |
||
| 245 | _aBANKING LAW | ||
| 250 | _a2ND ED., 2022. | ||
| 260 |
_aJAIPUR _bUNIVERSAL BOOK HOUSE PVT LTD |
||
| 300 | _a294;P | ||
| 650 | _aLAW | ||
| 942 | _cBK | ||
| 999 |
_c8826 _d8824 |
||